| 000 | 00797nam a2200253Ia 4500 | ||
|---|---|---|---|
| 008 | 180523s9999 xx 000 0 und d | ||
| 020 | _a0-06-051509-0 | ||
| 050 | _aMAIN RC 113 | ||
| 050 | _b.K53 2002 | ||
| 100 | _aKlatz, Ronald M. | ||
| 245 | 0 | _aInfection protection : | |
| 245 | 0 | _bhow to fight the germs that make you sick / | |
| 245 | 0 | _cRonald M. Klatz, Robert M. Goldman, with Catherine Cebula. | |
| 260 | _aNew York : | ||
| 260 | _bHarperCollins, | ||
| 260 | _c2002 | ||
| 300 | _a420 pages : | ||
| 300 | _c22 cm. | ||
| 500 | _aIncludes bibliographical references and index. | ||
| 650 | _aCommunicable disease -- Popular works. | ||
| 650 | _aDietary supplements -- Popular works. | ||
| 650 | _xFunctional foods -- Popular works. | ||
| 650 | _xImmunity -- Popular works. | ||
| 999 |
_c357630 _d357630 |
||